LIBRARY & INFORMATION CENTRE, KCAET, TAVANUR

ONLINE PUBLIC ACCESS CATALOGUE (OPAC)

Surveying and Levelling Part11 (Record no. 19008)

MARC details
000 -LEADER
fixed length control field 00426nam a22001697a 4500
003 - CONTROL NUMBER IDENTIFIER
control field OSt
008 - FIXED-LENGTH DATA ELEMENTS--GENERAL INFORMATION
fixed length control field 250110b |||||||| |||| 00| 0 eng d
041 ## - LANGUAGE CODE
Language code of text/sound track or separate title eng
082 ## - DEWEY DECIMAL CLASSIFICATION NUMBER
Classification number 624.1517 KAN/SU
100 ## - MAIN ENTRY--AUTHOR NAME
Personal name Kanetkar, TP
245 ## - TITLE STATEMENT
Title Surveying and Levelling Part11
250 ## - EDITION STATEMENT
Edition statement 23rd Reprint
260 ## - PUBLICATION, DISTRIBUTION, ETC. (IMPRINT)
Place of publication Pune:
Name of publisher Pune Vidyarhi Griha Prakashan,
Year of publication 1945.
300 ## - PHYSICAL DESCRIPTION
Number of Pages 655p.
700 ## - ADDED ENTRY--PERSONAL NAME
Personal name Kulkarni, SV
942 ## - ADDED ENTRY ELEMENTS (KOHA)
Koha item type Books
Holdings
Withdrawn status Lost status Damaged status Home library Current library Date acquired Source of acquisition Cost, normal purchase price Full call number Accession Number Koha item type
      KAUAET KAUAET 10/01/2025 M/S Minerva Book Stall, Thrissur 35.00 624.1517 KAN/SU 14795 Books
      KAUAET KAUAET 10/01/2025 M/S Minerva Book Stall, Thrissur 35.00 624.1517 KAN/SU 14796 Books
Withdrawn     KAUAET KAUAET 10/01/2025 M/S Minerva Book Stall, Thrissur 35.00 624.1517 KAN/SU 14800 Books
free website counter